00690nam a22001815i 4500001000700000003000900007005001700016008004100033020001800074080002800092100003900120245010300159260010200262300002200364600006200386710003800448852002200486177579ES-MaACL20230906220351.0110404s1974 sp |||| | spa d a84-600-6058-6 a821.134.2 Alas, Lepoldo1 aNúñez de Villavicencio, Laura.13aLa creatividad en el estilo de Leopoldo Alas, "Clarín" / cpor Laura Núñez de Villavicencio. aOviedo : bInstituto de Estudios Asturianos del Patronato José Mª Quadrado (C.S.E.C.), c1974. a287 p. ; c20 cm.14aAlas, Leopoldo,d1852-1901-xCrítica e interpretación2 aInstituto de Estudios Asturianos. aES-MaACLjE-14786